Response of a dung beetle guild to different sizes of dung bait in a Panamanian rainforest (Registro nro. 13277)

Detalles MARC
000 -CABECERA
Campo de control 004210000a22001330004500
090 ## - CLASIFICACIÓN LOCAL
Colección AR
Consecutivo 04180
041 0# - IDIOMA
Código de idioma para texto/pista de sonido o título separado
100 1# - ASIENTO PRINCIPAL--NOMBRE PERSONAL
Nombre personal Peck, Stewart B.
245 10 - MENCION DE TITULO
Título Response of a dung beetle guild to different sizes of dung bait in a Panamanian rainforest
500 ## - NOTA GENERAL
Nota general <Literatura de escarabajos coprófagos>
700 1# - ASIENTO SECUNDARIO - NOMBRE PERSONAL
Nombre personal Howden, Henry F.
773 1# - Item fuente:
Título Biotropica
Descripción física 3
Paginas del Articulo 235-238
Lugar, editorial y fecha de publicación 1984
Información sobre la relación 16
942 ## - ELEMENTOS ADICIONALES (KOHA)
Tipo de ítem Artículo
Existencias
Withdrawn status Lost status Damaged status No para préstamo Colección Ubicación Permanente Ubicación actual Fecha de adquisición Fuente de Valor Datos de publicación Seriada Total Checkouts Número topográfico Inventario / Código de Barras Date last seen Ejemplar Price effective from Forma de adquisición Tipo de material
      No para Préstamo Hemeroteca Bogotá Bogotá 08/11/2006 Trujillo, Diego Fuera de circulación   AR 04180 023615 25/03/2015 1 25/03/2015   Artículo
      No para Préstamo Hemeroteca Bogotá Bogotá 26/09/2007 Ospina, Mónica Fuera de circulación   AR 04180 025282 25/03/2015 2 25/03/2015   Artículo